| 000 | 00699nam a2200181Ia 4500 | ||
|---|---|---|---|
| 008 | 151018s9999 xx 000 0 und d | ||
| 082 |
_bRBASDV51250 _a922.945 |
||
| 100 | _aदिनेश सिंह चौहान | ||
| 245 | _aदेशभक्त स्वामी विवेकानंद | ||
| 250 | _b1 | ||
| 260 |
_bचंबल एजन्सी _c2010 |
||
| 300 | _a75 | ||
| 600 | _aदिनेश सिंह चौहान | ||
| 630 | _aदेशभक्त स्वामी विवेकानंद | ||
| 700 | _aदिनेश सिंह चौहान | ||
| 730 | _aदेशभक्त स्वामी विवेकानंद | ||
| 942 | _cBOOK | ||
| 999 |
_c1050142 _d1050139 |
||